<?xml version="1.0" encoding="UTF-8"?>
<collection xmlns="http://www.loc.gov/MARC21/slim">
 <record>
  <leader>01146nam a2200277 a 4500</leader>
  <controlfield tag="001">21336</controlfield>
  <controlfield tag="003">BD-DhAAL</controlfield>
  <controlfield tag="008">101025s2009    bg       b    000 0 eng  </controlfield>
  <datafield tag="020" ind1=" " ind2=" ">
   <subfield code="a">9847021500192</subfield>
  </datafield>
  <datafield tag="040" ind1=" " ind2=" ">
   <subfield code="a">BD-DhAAL</subfield>
   <subfield code="c">BD-DhAAL</subfield>
  </datafield>
  <datafield tag="082" ind1="0" ind2="0">
   <subfield code="a">343.5492052</subfield>
   <subfield code="2">23</subfield>
  </datafield>
  <datafield tag="245" ind1="1" ind2="0">
   <subfield code="a">Income tax manual.</subfield>
   <subfield code="n">Part-I &amp; II :</subfield>
   <subfield code="b">income tax ordinance, 1984 (xxxvi of 1984) &amp; income tax rules, 1984</subfield>
   <subfield code="p">(Notification no. SRO 39-L/85)</subfield>
   <subfield code="p">(Including finance act, 2009-2010) /</subfield>
   <subfield code="c">compiled by Md. Shafiqul Islam.</subfield>
  </datafield>
  <datafield tag="250" ind1=" " ind2=" ">
   <subfield code="a">Third edition.</subfield>
  </datafield>
  <datafield tag="260" ind1=" " ind2=" ">
   <subfield code="a">Dhaka :</subfield>
   <subfield code="b">Shams Publications,</subfield>
   <subfield code="c">2009.  	</subfield>
  </datafield>
  <datafield tag="300" ind1=" " ind2=" ">
   <subfield code="a">(26), 514 pages ;</subfield>
   <subfield code="c">21 cm</subfield>
  </datafield>
  <datafield tag="500" ind1=" " ind2=" ">
   <subfield code="a">As amended up-to-date.</subfield>
  </datafield>
  <datafield tag="504" ind1=" " ind2=" ">
   <subfield code="a">Includes bibliographical references.</subfield>
  </datafield>
  <datafield tag="541" ind1="1" ind2=" ">
   <subfield code="e">21336</subfield>
  </datafield>
  <datafield tag="650" ind1=" " ind2="0">
   <subfield code="a">Income tax</subfield>
   <subfield code="x">Law and legislation</subfield>
   <subfield code="z">Bangladesh.</subfield>
   <subfield code="9">56591</subfield>
  </datafield>
  <datafield tag="650" ind1=" " ind2="0">
   <subfield code="a">Income tax</subfield>
   <subfield code="x">Bangladesh.</subfield>
   <subfield code="9">57294</subfield>
  </datafield>
  <datafield tag="650" ind1=" " ind2="0">
   <subfield code="a">Law.</subfield>
  </datafield>
  <datafield tag="700" ind1="1" ind2=" ">
   <subfield code="a">Islam, Md. Shafiqul.</subfield>
   <subfield code="9">57295</subfield>
  </datafield>
  <datafield tag="852" ind1="4" ind2=" ">
   <subfield code="a">Ayesha Abed Library </subfield>
   <subfield code="c">General Stacks</subfield>
  </datafield>
  <datafield tag="942" ind1=" " ind2=" ">
   <subfield code="2">ddc</subfield>
   <subfield code="c">BK</subfield>
  </datafield>
  <datafield tag="999" ind1=" " ind2=" ">
   <subfield code="c">9883</subfield>
   <subfield code="d">9883</subfield>
  </datafield>
  <datafield tag="952" ind1=" " ind2=" ">
   <subfield code="0">0</subfield>
   <subfield code="1">0</subfield>
   <subfield code="2">ddc</subfield>
   <subfield code="4">0</subfield>
   <subfield code="6">343_549205200000000_INC</subfield>
   <subfield code="7">0</subfield>
   <subfield code="9">12732</subfield>
   <subfield code="a">BRACUL</subfield>
   <subfield code="b">BRACUL</subfield>
   <subfield code="c">GEN</subfield>
   <subfield code="d">2010-10-25</subfield>
   <subfield code="g">500.00</subfield>
   <subfield code="l">3</subfield>
   <subfield code="m">29</subfield>
   <subfield code="o">343.5492052 INC</subfield>
   <subfield code="p">3010021336</subfield>
   <subfield code="r">2017-12-17</subfield>
   <subfield code="s">2017-09-26</subfield>
   <subfield code="t">1</subfield>
   <subfield code="w">2010-10-25</subfield>
   <subfield code="y">BK</subfield>
  </datafield>
 </record>
</collection>
